Príbeh Ježiša

Bibliographic Details
Corporate Author: Arcadia (Illustrator)
Other Authors: Chrtianska, Jana (Translator)
Format: Book
Language:Slovak
English
PhysicalDescription:92 čiastočne číslovaných strán farebné ilustrácie, farebné ilustrované listy 22 cm
Published: Praha Rebo International CZ spol. s.r.o. 2019
ISBN:9788025512005
Edition:1. vydanie
Series:Moje prvé čítanie (Rebo)
Subjects:

MARC

LEADER 00000cam a2200000 4500
001 vtls011890991
003 SK-MaSNL
005 20260301144431.0
008 210906s2019 xr af br 000 j slo
015 |a SNBZSA2021/06 
020 |a 9788025512005  |q (brožované) 
035 |a urn:nbn:sk:snk-am00fhcp 
035 |a urn:nbn:sk:snk-am3iv6c 
035 |a 2DF80BB6-4C98-4622-A93D-04763931FA08 
040 |a SNK  |b slo  |c SNK  |e rda 
041 1 |a slo  |h eng 
044 |a xr  |c CZ 
072 7 |a 821-93  |x Literatúra pre deti a mládež (beletria)  |2 konspekt 
080 |a 2-236.5  |2 2011 
080 |a 82-93-053.4/.5  |2 2011 
245 0 0 |a Príbeh Ježiša  |c ilustrácie: Arcadia ; z angličtiny preložila: Jana Chrtianska 
250 |a 1. vydanie 
264 1 |a Praha  |b Rebo International CZ spol. s.r.o.  |c 2019 
300 |a 92 čiastočne číslovaných strán  |b farebné ilustrácie, farebné ilustrované listy  |c 22 cm 
336 |a text  |b txt  |2 rdacontent 
336 |a statický obraz  |b sti  |2 rdacontent 
337 |a bez média  |b n  |2 rdamedia 
338 |a zväzok  |b nc  |2 rdacarrier 
490 1 |a Moje prvé čítanie 
500 |a Vydavateľské údaje z obálky 
500 |a Preložené z českého prekladu talianskeho originálu 
600 0 7 |a Ježiš Kristus  |2 SNKMA 
650 0 7 |a biblické príbehy  |2 SNKPH  |9 1916 
650 0 7 |a Bible stories  |2 SNKPHeng  |9 276268 
655 7 |a literatúra pre deti  |2 SNKPH  |9 87135 
655 7 |a Children's literature  |2 SNKPHeng  |9 276039 
700 1 |a Chrtianska, Jana  |4 trl  |9 84989 
710 2 |a Arcadia  |4 ill  |9 502751 
830 0 |a Moje prvé čítanie (Rebo)  |9 502752 
919 |a 978-80-255-1200-5 
958 |a LX 
958 |a DB 
958 |a UP 
958 |a NT 
958 |a ZS 
968 |a SLO  |b IT  |c ČES 
999 |c 777023  |d 778953 
952 |a SNK  |b SNK  |y PREZ  |7 0  |p 17A1450680  |o snkSC 192264  |i snk2021/2887  |8 4  |g 5.64  |0 0  |1 0  |4 0  |d 2020-08-27  |f 1  |l 0  |r 2025-10-09 00:00:00  |w 2026-02-24